01529nam a2200277 u 4500001000800000005001700008007001000025008004100035035001200076040001300088041000800101080000800109100005300117245024000170260004300410300001700453520052100470650003100991650003801022650001501060650003001075700004401105856008201149502001201231526000801243142735620240129080858.0cr|||||||151118s2014 spa  a1427356 ccomduadb aspa aPIA10aHernández Bustamante, Rafael Darío4auteaut10aDocumentación de la información técnica necesaria, que permita estandarizar la metodología para el diseño de los servicios auxiliares de dos configuraciones típicas de subestaciones de EPM con niveles de tensión 13.2/44KV aMedellín :b[sin publicador],c2014. a25 páginas3 aEste documento busca orientar el diseño de los servicios auxiliares para subestaciones de madia y alta tensión alrededor de las normas aplicables y de memorias de cálculo de subestaciones diseñadas por EPM, plantea un procedimiento de diseño y propone una forma óptima para llevar a cabo el diseño. Explica la selección de los MCB’s y MCCB’s para los diferentes sistemas de los servicios auxiliares así como el procedimiento de cálculo de los bancos de baterías según la norma IEEE Std 485. aSubestaciones eléctricas aPregrado ingeniería eléctrica aBaterías aDocumentación técnica10aMejía Giraldo, Diego Adolfo4thseths4 uhttps://drive.google.com/file/d/0BwecnWVz7HZoM1pRODRJUy01ZTA/view?usp=sharing b172c17 a174